NLSUI OPAC header image

Gender and careers in the legal academy / (Record no. 213369)

MARC details
000 -LEADER
fixed length control field 01499cam a22003498i 4500
001 - CONTROL NUMBER
control field 21789326
005 - DATE AND TIME OF LATEST TRANSACTION
control field 20260612160710.0
008 - FIXED-LENGTH DATA ELEMENTS--GENERAL INFORMATION
fixed length control field 201104s2021 enk b 001 0 eng
010 ## - LIBRARY OF CONGRESS CONTROL NUMBER
LC control number 2020049945
020 ## - INTERNATIONAL STANDARD BOOK NUMBER
International Standard Book Number 9781509946648 (pbk.)
040 ## - CATALOGING SOURCE
Original cataloging agency DLC
Language of cataloging eng
Description conventions rda
Transcribing agency DLC
042 ## - AUTHENTICATION CODE
Authentication code pcc
082 00 - DEWEY DECIMAL CLASSIFICATION NUMBER
Classification number 340.082 SCH
245 00 - TITLE STATEMENT
Title Gender and careers in the legal academy /
Statement of responsibility, etc. Ulrike Schultz, Gisela Shaw, Margaret Thornton,Rosemary Auchmuty.
263 ## - PROJECTED PUBLICATION DATE
Projected publication date 2103
264 #1 - PRODUCTION, PUBLICATION, DISTRIBUTION, MANUFACTURE, AND COPYRIGHT NOTICE
Place of production, publication, distribution, manufacture New York, NY :
Name of producer, publisher, distributor, manufacturer Hart Publishing, an imprint of Bloomsbury Publishing,
Date of production, publication, distribution, manufacture, or copyright notice 2021.
300 ## - PHYSICAL DESCRIPTION
Extent x, 569 p. ;
Dimensions 24 cm.
365 ## - TRADE PRICE
Price amount Rs. 7,234.00
490 0# - SERIES STATEMENT
Series statement Oñati international series in law and society
505 0# - Contents
Contents Gender and careers in the legal academy;<br/>History of women in law faculties;<br/>first and early women law professors ;<br/>Personal narratives;<br/>Feminism in the legal academy;<br/>Reflections on masculinities and femininities in the legal academy.<br/>
650 #0 - SUBJECT ADDED ENTRY--TOPICAL TERM
Topical term or geographic name entry element Women lawyers.
650 #0 - SUBJECT ADDED ENTRY--TOPICAL TERM
Topical term or geographic name entry element Women judges.
650 #0 - SUBJECT ADDED ENTRY--TOPICAL TERM
Topical term or geographic name entry element Practice of law.
650 #0 - SUBJECT ADDED ENTRY--TOPICAL TERM
Topical term or geographic name entry element Women
General subdivision Legal status, laws, etc.
650 #0 - SUBJECT ADDED ENTRY--TOPICAL TERM
Topical term or geographic name entry element Sex discrimination against women
General subdivision Law and legislation.
700 1# - ADDED ENTRY--PERSONAL NAME
Personal name Schultz, Ulrike,
700 1# - ADDED ENTRY--PERSONAL NAME
Personal name Shaw, Gisela,
700 1# - ADDED ENTRY--PERSONAL NAME
Personal name Thornton, Margaret
700 1# - ADDED ENTRY--PERSONAL NAME
Personal name Auchmuty, Rosemary,
776 08 - ADDITIONAL PHYSICAL FORM ENTRY
Relationship information Online version:
Title Gender and careers in the legal academy
Place, publisher, and date of publication Oxford, UK ; New York, NY : Hart Publishing, an imprint of Bloomsbury Publishing, 2021
International Standard Book Number 9781509923137
Record control number (DLC) 2020049946
942 ## - ADDED ENTRY ELEMENTS (KOHA)
Source of classification or shelving scheme Dewey Decimal Classification
Koha item type BOOKs
Holdings
Withdrawn status Lost status Source of classification or shelving scheme Materials specified (bound volume or other part) Damaged status Not for loan Home library Current library Shelving location Date acquired Source of acquisition Cost, normal purchase price Total Checkouts Full call number Barcode Date last seen Price effective from Koha item type Public note
    Dewey Decimal Classification PB     NLS NLS General Stacks 21/02/2025 Purchased - Educational Supplies 7234.00   340.082 SCH 40014 21/02/2025 21/02/2025 BOOKs Recommended by Dr. Atreyee Majumder for DASRA Project